Evolution and systematics

Saved in:
Bibliographic Details
Main Author: Solbrig, Otto T
Format: Book
Language:English
Published: New York, USA Macmillan 1966
Series:Current Concepts in Biology Series
Subjects:
Tags: Add Tag
No Tags, Be the first to tag this record!

MARC

LEADER 00000nam a2200000 a 4500
001 UCT1942
003 CL-VaPUC
005 20241023145543.0
008 961004e19660000US |||||||||||||||||eng|d
999 |c 252269  |d 252267 
040 |c Pontificia Universidad Católica de Valparaíso 
082 0 4 |a 575.016 SOL 1966  |2 21 
100 0 |a Solbrig, Otto T  |9 370989 
245 1 0 |a Evolution and systematics 
260 0 3 |a New York, USA  |b Macmillan  |c 1966 
300 |a 122 páginas 
490 0 |a Current Concepts in Biology Series 
583 |a last modification  |c 19961004 00:00:00  |k Rodrigo Vera 
650 0 |a Biología  |9 262022 
650 0 |a Evolución  |9 259442 
650 0 |a Genes  |9 330314 
650 0 |a Genética  |9 259443 
650 0 |a Cromosomas  |9 344073 
650 0 |a Genética  |9 259443 
650 7 |a MUTAGENESIS  |2 CL-VaPUC  |9 361433 
942 |c BK  |2 ddc 
945 |d 19961004 00:00:00  |a cmena 
952 |0 0  |1 0  |2 ddc  |4 0  |6 575_016000000000000_SOL_1966  |7 0  |8 A  |9 272034  |a BIBCUR  |b BIBCUR  |d 2019-11-19  |i 1753975  |o 575.016 SOL 1966  |p 1753975  |r 2025-04-22  |t 1  |w 2019-11-19  |y BK  |k BCB 
952 |0 0  |1 0  |2 ddc  |4 0  |6 575_016000000000000_SOL_1966  |7 0  |8 A  |9 272035  |a BIBCUR  |b BIBCUR  |d 2019-11-19  |i 1777602  |o 575.016 SOL 1966  |p 1777602  |r 2025-04-22  |t 2  |w 2019-11-19  |y BK  |k BIO